Регионална библиотека "Любен Каравелов" - Русе

Детска енциклопедия България (Запис номер 32955)

MARC детайли
000 -Лидер
Контролно поле с фиксирана дължина 02577nam a2200493 c 4500
003 - Код на организацията, давaща контролен номер
Контролно поле BLK
005 - Дата и час на последна редакция
Контролно поле 20250606104030.0
008 - Елементи от данни с фиксирана дължина
fixed length control field 180408b bul|||||r ||||||| ||bul||
010 ## - Наследен системен номер
LC control number KNG00035635000
020 ## - Международен стандартен номер на книга ISBN
Международен стандартен номер на книга ISBN 954-431-068-1
-- издат.: Златното пате - (многотомно)
020 ## - Международен стандартен номер на книга ISBN
Международен стандартен номер на книга ISBN 954-431-101-7
-- издат.: Златното пате - на том(кн. 10, ч. 2)
040 ## - Източник на каталожния запис
Идентификатор на билиотеката - собственик на записа BLK
041 ## - Код за език
Код за езика на текст/звукозапис или на отделно заглавие Български
Код за езика КДБФ Български
080 ## - УДК
Текстов определител УДК История на България
УДК код - определител по УДК 94(497.2)
УДК определител (031)
УДК - код + определител 94(497.2)(031)
080 ## - УДК
Текстов определител УДК България (1878-1914)
УДК код - определител по УДК 94(497.2)"1878/1914"
УДК определител (031)
УДК - код + определител 94(497.2)"1878/1914"(031)
139 ## - Редно поле
Редна дума Детска енциклопедия България
Авторски знак Дес - Д 45
245 10 - Сведения за заглавието
Заглавие Детска енциклопедия България
Подзаглавни данни Кн. 1 - За том: Свободата : 1875 г. - 1908 г.
Редно поле (дума) адапт. Галина Златина; адапт. Петър Кърджилов; ил. Чавдар Драгиев; текст на том Огнян Халембаков; текст на том Галина Златина; * Галина Йорданова Златарева.
Том Кн. 10. Ч. 2
Заглавие на том Пътят към свободата
257 ## - Страна на издаване
Страна на създаване/издаване България
260 ## - Област на издателските данни
-- София
Година на издаване 1993 -
300 ## - Физическа характеристика
Размери/Мащаб 30 см
380 ## - Жанр
Жанр Детска отраслова лит.
500 ## - Общи забележки
Забележка Офс. изд.
650 #4 - Допълнително описание по предмет – тема
Основно описание – тема или топоним България - история - енциклопедии и справочници
9 (RLIN) 249495
650 #4 - Допълнително описание по предмет – тема
Основно описание – тема или топоним Енциклопедии, детски
9 (RLIN) 154962
651 #4 - Допълнително описание по предмет - топоним
Географско понятие България
9 (RLIN) 241624
653 ## - Ключова дума – ненормативна
Ключова дума история
653 ## - Ключова дума – ненормативна
Ключова дума енциклопедии
653 ## - Ключова дума – ненормативна
Ключова дума българска история
653 ## - Ключова дума – ненормативна
Ключова дума детска литература
653 ## - Ключова дума – ненормативна
Ключова дума литература за деца
700 ## - Други автори (авторска отговорност)
Лично име Златарева, Галина Йорданова
Дати, свързани с автора 1954
9 (RLIN) 363759
700 1# - Други автори (авторска отговорност)
Лично име Кърджилов, Петър
Автороска отговорност (Описва отношението между автора и произведението) адапт.
9 (RLIN) 364626
700 1# - Други автори (авторска отговорност)
Лично име Драгиев, Чавдар
Автороска отговорност (Описва отношението между автора и произведението) ил.
9 (RLIN) 249494
700 1# - Други автори (авторска отговорност)
Лично име Халембаков, Огнян
Автороска отговорност (Описва отношението между автора и произведението) текст на том
9 (RLIN) 135897
700 ## - Други автори (авторска отговорност)
Лично име Златарева, Галина Йорданова
Дати, свързани с автора 1954
9 (RLIN) 363759
700 ## - Други автори (авторска отговорност)
Лично име Златарева, Галина Йорданова
Дати, свързани с автора 1954
9 (RLIN) 363759
760 1# - Описание на основната серия
-- - (многотомно)
Място на издаване, издател и година Златното пате, 2000
Страници - том 24 с. : с цв. ил.
Забележка - том Речник.
Заглавие Кн. 10. Ч. 2 Пътят към свободата
852 ## - Местоположение
Форматна сигнатура Цб ІІ 8636
856 4# - Електронен адрес и достъп
Електронен формат pdf - файл
Път до файла /url/
856 4# - Електронен адрес и достъп
Електронен формат pdf - файл
Път до файла /url/
942 ## - АРТИКУЛИ
Вид на библиотечния материал Книги
Скрит в OPAC Не
Koha issues (borrowed), all copies 8
944 ## - СЪЗДАВАНЕ И РЕДАКЦИЯ на ЗАПИСА
Създаване/Редакция Създаване
Дата на регистрацията/редакция 15.01.2003
Статус, дата на статуса Грета Цуфелде
Служител, извършил регистрацията/редакцията 30537
944 ## - СЪЗДАВАНЕ И РЕДАКЦИЯ на ЗАПИСА
Създаване/Редакция Редакция
Дата на регистрацията/редакция 17.02.2017
Статус, дата на статуса ф /
Служител, извършил регистрацията/редакцията Людмила_Стоянова
999 ## - СИСТЕМНИ КОНТРОЛНИ НОМЕРА
Koha biblionumber 32955
Koha biblioitemnumber 32955
Наличности
Код за отписване Код за изгубен артикул Източник на класификационната схема Код за повреда Коз за рестрикции Код за отдаване Артикулен № Име на библиотеката - собственик Име на библиотеката, в която се намира в момента Статус (Текущо местоположение) Дата на вписване в системата Местоположение - отдел Цена в лева Инвентарен номер Систематично азбучна сигнатура Баркод Номер на екземпляра Цена в евро Служебна бележка Служебен тип на артикула
  Не е изгубен Universal Decimal Classification Не е повреден без рестрикции заемане за дома 52614 Регионална библиотека "Любен Каравелов" Русе Регионална библиотека "Любен Каравелов" Русе Детски отдел 2012-06-21 Детски отдел 2.14 120000758537 ДН 94(497.2)/Д 45 120000758537 1 1.09 Дост: DA Вид: А N: 12 Дата: 21.06.2012 Дата инв: 18.08.2015 Бележки инв: Д2015 Книги
  Не е изгубен Universal Decimal Classification Не е повреден без рестрикции заемане за дома 52615 Регионална библиотека "Любен Каравелов" Русе Регионална библиотека "Любен Каравелов" Русе Детски отдел 2000-01-01 Детски отдел 1.90 662709 ДН 949.72/Д 45 120000662709 2 0.97 Дост: DA Вид: А N: стар фонд Дата: 01.01.2000 Дата инв: 18.08.2015 Бележки инв: Д2015 Книги
  Не е изгубен Universal Decimal Classification Не е повреден само за читалня ползва се в читалня 52616 Регионална библиотека "Любен Каравелов" Русе Регионална библиотека "Любен Каравелов" Русе Хранилище 2000-01-01 Хранилище 1.60 654825 Цб ІІ 8636 120000654825 3 0.82 Дост: Dp Вид: Д N: стар фонд Дата: 01.01.2000 Книги
  Не е изгубен Universal Decimal Classification Не е повреден без рестрикции заемане за дома 52617 Регионална библиотека "Любен Каравелов" Русе Регионална библиотека "Любен Каравелов" Русе Детски отдел 2017-01-12 Детски отдел 8.00 120000807710 ДН 94(497.2)/Д 45 120000807710 4 4.09 Дост: DA Вид: А N: 2 Дата: 12.01.2017 Книги
Vip Innovations Ltd, Rousse, Bulgaria 2025